[Event "TUR-chT"]
[Site "Denizli"]
[Date "2013.07.02"]
[Round "4.10"]
[White "Vatansever, Buse"]
[Black "Ayazmali, Gizem"]
[Result "1-0"]
[WhiteElo "1639"]
[BlackElo "1631"]
[PlyCount "51"]
[EventDate "2013.06.29"]
[EventType "team-tourn"]
[EventRounds "13"]
[EventCountry "TUR"]
[SourceTitle "CBM 155 Extra"]
[Source "ChessBase"]
[SourceDate "2013.08.26"]
[SourceVersion "1"]
[SourceVersionDate "2013.08.26"]
[SourceQuality "1"]
[WhiteTeam "Ezgi Kulubu"]
[BlackTeam "Tarsus Zeka"]
[WhiteTeamCountry "TUR"]
[BlackTeamCountry "TUR"]

1. e4 e5 2. Nf3 Nf6 3. Nxe5 d6 4. Nf3 Nxe4 5. Nc3 Nxc3 6. dxc3 Be7 7. Be3 Nd7 8. Qd2 0-0 9. 0-0-0 Nc5 10. h3 Re8 11. g4 c6 12. Nd4 Ne4 13. Qd3 Bh4 14. f3 Nc5 15. Qd2 Qe7 16. Bf4 d5 17. Rg1 Bf6 18. Bd3 Qd8 19. Bf5 Qa5 20. Kb1 Na4 21. Bxc8 Raxc8 22. g5 Be7 23. Nf5 Ba3 24. Qd4 f6 25. gxf6 Bxb2 26. f7+ 1-0

[Event "TUR-chT"]
[Site "Denizli"]
[Date "2013.07.01"]
[Round "3.10"]
[White "Ozaltun, Ecem"]
[Black "Vatansever, Buse"]
[Result "0-1"]
[WhiteElo "1512"]
[BlackElo "1639"]
[PlyCount "142"]
[EventDate "2013.06.29"]
[EventType "team-tourn"]
[EventRounds "13"]
[EventCountry "TUR"]
[SourceTitle "CBM 155 Extra"]
[Source "ChessBase"]
[SourceDate "2013.08.26"]
[SourceVersion "1"]
[SourceVersionDate "2013.08.26"]
[SourceQuality "1"]
[WhiteTeam "Aliaga Genclik"]
[BlackTeam "Ezgi Kulubu"]
[WhiteTeamCountry "TUR"]
[BlackTeamCountry "TUR"]

1. d4 d5 2. Nf3 Nf6 3. e3 Bf5 4. c4 e6 5. Nc3 Be7 6. Be2 0-0 7. Nh4 Bg6 8. Nxg6 hxg6 9. a3 Qd7 10. 0-0 c5 11. dxc5 dxc4 12. Bxc4 Bxc5 13. b4 Be7 14. Bb2 Rd8 15. Qb3 Qc8 16. Rfd1 Nc6 17. Ne2 a5 18. Nf4 Kh7 19. Nd3 Nd5 20. b5 a4 21. Qa2 Na5 22. Rac1 Nb6 23. Bd5 Qd7 24. Bf3 Qxb5 25. Bd4 Nb3 26. Rc7 Nxd4 27. exd4 Rd7 28. Rxb7 Rxb7 29. Bxb7 Rb8 30. Be4 Nc4 31. Nf4 Nxa3 32. h3 Qb2 33. Rd2 Qxa2 34. Rxa2 Rc8 35. d5 exd5 36. Bxd5 f6 37. Bf7 g5 38. Nd5 Bd6 39. g3 Rc2 40. Ra1 Bc5 41. Ne3 Bxe3 42. fxe3 Nc4 43. Rxa4 Nxe3 44. Ra2 f5 45. Rxc2 Nxc2 46. Kf2 g6 47. Bc4 Kg7 48. Bd3 Nb4 49. Bc4 Kf6 50. Kf3 Nc6 51. Ba2 Ke5 52. Bf7 Kd4 53. Be8 Ne5+ 54. Kg2 Ke3 55. Bb5 f4 56. g4 f3+ 57. Kg3 f2 58. Ba6 Nf3 59. Bb5 Nd2 60. h4 f1Q 61. Bxf1 Nxf1+ 62. Kh3 gxh4 63. Kxh4 Kf4 64. Kh3 g5 65. Kg2 Ne3+ 66. Kf2 Nxg4+ 67. Kg2 Ne3+ 68. Kh2 g4 69. Kg1 g3 70. Kh1 Kf3 71. Kg1 g2 0-1

[Event "TUR-chT"]
[Site "Konya"]
[Date "2012.07.14"]
[Round "4"]
[White "Kaya, Emel"]
[Black "Vatansever, Buse"]
[Result "1-0"]
[WhiteElo "1992"]
[BlackElo "1615"]
[PlyCount "45"]
[EventDate "2012.07.11"]
[EventType "team-tourn"]
[EventRounds "13"]
[EventCountry "TUR"]
[SourceTitle "CBM 149 Extra"]
[Source "ChessBase"]
[SourceDate "2012.08.24"]
[SourceVersion "1"]
[SourceVersionDate "2012.08.24"]
[SourceQuality "1"]
[WhiteTeam "Istanbul Pera"]
[BlackTeam "Mersin Ezgi"]
[WhiteTeamCountry "TUR"]
[BlackTeamCountry "TUR"]

1. e4 c6 2. c4 d5 3. exd5 cxd5 4. d4 Nf6 5. Nc3 Nc6 6. Nf3 Bg4 7. cxd5 Nxd5 8. Qb3 Nb6 9. Bb5 e6 10. Ne5 h5 11. Nxc6 bxc6 12. Bxc6+ Nd7 13. Bxa8 Qxa8 14. d5 Bd6 15. Qb5 Ke7 16. h3 Bf5 17. 0-0 Ne5 18. Re1 Nd3 19. Bg5+ f6 20. Rxe6+ Bxe6 21. Qxd3 Rd8 22. Re1 Be5 23. Rxe5 1-0

[Event "TUR-ch (Women)"]
[Site "Kemer"]
[Date "2012.02.01"]
[Round "7"]
[White "Vatansever, Buse"]
[Black "Menzi, Nezihe Ezgi"]
[Result "0-1"]
[WhiteElo "1612"]
[BlackElo "1887"]
[PlyCount "72"]
[EventDate "2012.01.29"]
[EventType "swiss"]
[EventRounds "9"]
[EventCountry "TUR"]
[SourceTitle "CBM 146 Extra"]
[Source "ChessBase"]
[SourceDate "2012.02.29"]
[SourceVersion "1"]
[SourceVersionDate "2012.02.29"]
[SourceQuality "1"]

1. e4 e5 2. Nf3 Nc6 3. Bb5 a6 4. Ba4 Nf6 5. d3 b5 6. Bb3 Be7 7. Nbd2 0-0 8. Nf1 d6 9. c3 Bb7 10. Ng3 Na5 11. Bc2 Re8 12. 0-0 Bf8 13. Re1 g6 14. d4 c5 15. Bg5 h6 16. dxe5 hxg5 17. exf6 Qxf6 18. h3 Nc4 19. Qc1 Bh6 20. Nh2 Ne5 21. Qd1 Bc8 22. Ngf1 Bf8 23. a4 Be6 24. Ne3 Rab8 25. axb5 axb5 26. b3 Qf4 27. Qe2 b4 28. cxb4 Rxb4 29. Ra3 Reb8 30. Rb1 c4 31. Qd1 cxb3 32. Bxb3 Qxe4 33. Bc2 Rxb1 34. Bxe4 Rxd1+ 35. Nxd1 d5 36. Bc2 Bxa3 0-1

[Event "TUR-ch (Women)"]
[Site "Kemer"]
[Date "2012.01.30"]
[Round "3"]
[White "Vatansever, Buse"]
[Black "Ozbay, Ece"]
[Result "1-0"]
[WhiteElo "1612"]
[BlackElo "1336"]
[PlyCount "127"]
[EventDate "2012.01.29"]
[EventType "swiss"]
[EventRounds "9"]
[EventCountry "TUR"]
[SourceTitle "CBM 146 Extra"]
[Source "ChessBase"]
[SourceDate "2012.02.29"]
[SourceVersion "1"]
[SourceVersionDate "2012.02.29"]
[SourceQuality "1"]

1. e4 c5 2. Nf3 Nc6 3. Bb5 g6 4. Bxc6 dxc6 5. h3 Bg7 6. d3 Bd7 7. Nc3 Nf6 8. Be3 b6 9. Qd2 0-0 10. 0-0 Qc7 11. Bh6 Rad8 12. Bxg7 Kxg7 13. Nh2 Be6 14. f4 b5 15. Qe3 c4 16. f5 Bc8 17. dxc4 bxc4 18. Ng4 Nxg4 19. hxg4 Qe5 20. Rf3 a5 21. Raf1 Rd6 22. Rh3 Qd4 23. Rf2 Qxe3 24. Rxe3 Rd4 25. Ne2 Rd2 26. Nf4 Rfd8 27. Ree2 Rxe2 28. Rxe2 Rd4 29. Nh3 c5 30. Kf2 Bb7 31. Kf3 Rd6 32. Ke3 a4 33. Ng5 Rd4 34. Kf4 h6 35. Nh3 Kf6 36. Kf3 Ke5 37. Nf2 h5 38. fxg6 fxg6 39. gxh5 gxh5 40. g4 h4 41. g5 h3 42. Kg3 h2 43. Kxh2 Kf4 44. Nh3+ Kf3 45. Rf2+ Kxe4 46. g6 Ke5 47. Rf7 Rd2+ 48. Nf2 Bd5 49. Rf8 Rxc2 50. g7 Rxb2 51. Kg3 Rb1 52. Ng4+ Kd4 53. Rd8 Rg1+ 54. Kh4 Ke4 55. Rxd5 Kf4 56. Rf5+ Kxf5 57. g8Q Rh1+ 58. Kg3 Rg1+ 59. Kf3 c3 60. Ne3+ Ke5 61. Qxg1 Kd4 62. Qd1+ Ke5 63. Qxa4 e6 64. Qf4# 1-0

[Event "EU-ch U12 Girls"]
[Site "Albena"]
[Date "2011.09.13"]
[Round "3"]
[White "Blazeka, Mihaela"]
[Black "Vatansever, Buse"]
[Result "0-1"]
[WhiteElo "1772"]
[BlackElo "1596"]
[PlyCount "104"]
[EventDate "2011.09.11"]
[EventType "swiss"]
[EventRounds "9"]
[EventCountry "BUL"]
[SourceTitle "CBM 144 Extra"]
[Source "ChessBase"]
[SourceDate "2011.10.28"]
[SourceVersion "1"]
[SourceVersionDate "2011.10.28"]
[SourceQuality "1"]

1. e4 c6 2. d4 d5 3. exd5 cxd5 4. Bd3 Nc6 5. c3 Qc7 6. Be3 Nf6 7. Nd2 g6 8. Ngf3 Bg7 9. 0-0 0-0 10. Nb3 Kh8 11. Be2 Ne4 12. Nc5 Nf6 13. Nd3 Nh5 14. Qd2 Bf5 15. Nde5 Nxe5 16. Nxe5 Nf6 17. Bf3 Rad8 18. Bf4 Qb6 19. h3 Nd7 20. Rfe1 f6 21. Nxd7 Rxd7 22. g4 Be6 23. Re2 Bg8 24. Rae1 e5 25. Bg3 e4 26. Bg2 f5 27. Be5 Qe6 28. Bxg7+ Rxg7 29. gxf5 gxf5 30. Qf4 Qg6 31. f3 Qh5 32. Kh2 Bf7 33. c4 dxc4 34. fxe4 fxe4 35. Bxe4 b6 36. Bf3 Qb5 37. Qf6 Rfg8 38. Rg2 Bg6 39. d5 Qb4 40. Reg1 Rf8 41. Qc6 Rxf3 42. Re2 Rf8 43. d6 Rd8 44. Re6 Rgd7 45. Rd1 Qxb2+ 46. Kg3 Qxa2 47. Re7 Qa3+ 48. Kf2 Qc5+ 49. Qxc5 bxc5 50. Rxd7 Rxd7 51. Ke3 Bd3 52. Ra1 Kg7 0-1

[Event "TUR-chT"]
[Site "Konya"]
[Date "2011.07.05"]
[Round "9"]
[White "Vatansever, Buse"]
[Black "Bal, Sevgican"]
[Result "1/2-1/2"]
[WhiteElo "1585"]
[BlackElo "1610"]
[PlyCount "86"]
[EventDate "2011.06.28"]
[EventType "team-swiss"]
[EventRounds "13"]
[EventCountry "TUR"]
[SourceTitle "CBM 143 Extra"]
[Source "ChessBase"]
[SourceDate "2011.08.29"]
[SourceVersion "1"]
[SourceVersionDate "2011.08.29"]
[SourceQuality "1"]
[WhiteTeam "Mersin Ezgi"]
[BlackTeam "Celikkol Turizm Pamukkale"]
[WhiteTeamCountry "TUR"]
[BlackTeamCountry "TUR"]

1. e4 c5 2. Nf3 Nc6 3. Bb5 d6 4. 0-0 Bd7 5. c3 a6 6. Ba4 b5 7. Bc2 Nf6 8. Re1 Bg4 9. d3 g6 10. h3 Bxf3 11. Qxf3 Ne5 12. Qe2 Bg7 13. f4 Nc6 14. e5 Nd5 15. e6 fxe6 16. Qxe6 Nc7 17. Qg4 0-0 18. Rf1 e6 19. Nd2 d5 20. Nf3 e5 21. fxe5 Nxe5 22. Nxe5 Rxf1+ 23. Kxf1 Bxe5 24. Kg1 Bg7 25. Bf4 d4 26. Bxc7 Qxc7 27. Bb3+ Kh8 28. Rc1 Qe5 29. Qe4 Qxe4 30. dxe4 c4 31. Bd1 d3 32. Bf3 Be5 33. Kf2 Rc8 34. Ke3 a5 35. Bg4 Rc7 36. Be6 Bg7 37. Kf2 Bh6 38. Rd1 b4 39. Ke1 Bf4 40. Bd5 Kg7 41. g4 Kf6 42. a3 Be5 43. Rc1 Bg3+ 1/2-1/2

[Event "TUR-chT"]
[Site "Konya"]
[Date "2011.07.04"]
[Round "8"]
[White "Ozturk, Hilal"]
[Black "Vatansever, Buse"]
[Result "1-0"]
[WhiteElo "1765"]
[BlackElo "1585"]
[PlyCount "105"]
[EventDate "2011.06.28"]
[EventType "team-swiss"]
[EventRounds "13"]
[EventCountry "TUR"]
[SourceTitle "CBM 143 Extra"]
[Source "ChessBase"]
[SourceDate "2011.08.29"]
[SourceVersion "1"]
[SourceVersionDate "2011.08.29"]
[SourceQuality "1"]
[WhiteTeam "Istanbul Teknik Uni"]
[BlackTeam "Mersin Ezgi"]
[WhiteTeamCountry "TUR"]
[BlackTeamCountry "TUR"]

1. e4 c6 2. d4 d5 3. Nc3 dxe4 4. Nxe4 Bf5 5. Ng3 Bg6 6. h4 h6 7. Nf3 Nd7 8. h5 Bh7 9. Bd3 Bxd3 10. Qxd3 Ngf6 11. Bd2 Qc7 12. 0-0-0 e6 13. Ne4 0-0-0 14. g3 Nxe4 15. Qxe4 Bd6 16. c4 c5 17. d5 Nf6 18. Qc2 exd5 19. cxd5 Qd7 20. Bc3 Rhe8 21. Rh4 Re7 22. Bxf6 gxf6 23. Re4 Rxe4 24. Qxe4 f5 25. Qh4 Re8 26. Qf6 Re2 27. Rd2 Rxd2 28. Nxd2 Bf8 29. Qe5 b5 30. Nf3 Be7 31. Qh8+ Kb7 32. Qxh6 Qxd5 33. Qe3 Bf6 34. b3 c4 35. h6 cxb3 36. axb3 Qc6+ 37. Kb1 Qd6 38. Qd2 Qc6 39. Qd3 Qa6 40. Qd7+ Kb8 41. Qe8+ Kb7 42. Qxf7+ Kb8 43. Qe8+ Kb7 44. Ne5 Bxe5 45. Qxe5 b4 46. Qd5+ Kb8 47. Qd2 Qg6 48. Qxb4+ Kc7 49. Qe7+ Kb6 50. h7 f4+ 51. Kb2 fxg3 52. h8Q gxf2 53. Qhf6+ 1-0

[Event "TUR-chT"]
[Site "Konya"]
[Date "2011.06.30"]
[Round "3"]
[White "Vatansever, Buse"]
[Black "Gundogan, Sinem Cagla"]
[Result "1-0"]
[WhiteElo "1585"]
[BlackElo "1433"]
[PlyCount "85"]
[EventDate "2011.06.28"]
[EventType "team-swiss"]
[EventRounds "13"]
[EventCountry "TUR"]
[SourceTitle "CBM 143 Extra"]
[Source "ChessBase"]
[SourceDate "2011.08.29"]
[SourceVersion "1"]
[SourceVersionDate "2011.08.29"]
[SourceQuality "1"]
[WhiteTeam "Mersin Ezgi"]
[BlackTeam "Turk Hava Yollari"]
[WhiteTeamCountry "TUR"]
[BlackTeamCountry "TUR"]

1. e4 e5 2. Nf3 Nc6 3. Bb5 a6 4. Ba4 Nf6 5. d3 b5 6. Bb3 Be7 7. Nbd2 d6 8. c3 Na5 9. Bc2 c5 10. Nf1 0-0 11. Ng3 g6 12. 0-0 Re8 13. Re1 Bf8 14. h3 Bg7 15. Nh2 Nc6 16. f4 exf4 17. Bxf4 Ne5 18. Nf3 Nxf3+ 19. Qxf3 Bb7 20. Rf1 h6 21. Bxh6 Bxh6 22. Qxf6 Qxf6 23. Rxf6 d5 24. Raf1 Re7 25. h4 Bg7 26. R6f3 dxe4 27. dxe4 Rd8 28. Re3 Rd2 29. Rf2 Rdd7 30. Rfe2 b4 31. Kh2 a5 32. h5 Ba6 33. Rf2 Bh6 34. Ref3 Bd2 35. Ba4 Rd6 36. hxg6 Be1 37. Nf5 Rxe4 38. gxf7+ Kf8 39. Nxd6 Rh4+ 40. Kg3 Bxf2+ 41. Rxf2 Re4 42. Kh2 Rh4+ 43. Kg3 1-0

[Event "TUR-chT"]
[Site "Konya"]
[Date "2010.07.02"]
[Round "6"]
[White "Vatansever, Buse"]
[Black "Gundogan, Cem"]
[Result "1-0"]
[WhiteElo "1547"]
[BlackElo "1816"]
[PlyCount "69"]
[EventDate "2010.06.29"]
[EventType "team-tourn"]
[EventRounds "13"]
[EventCountry "TUR"]
[SourceTitle "CBM 137 Extra"]
[Source "ChessBase"]
[SourceDate "2010.09.01"]
[SourceVersion "1"]
[SourceVersionDate "2010.09.01"]
[SourceQuality "1"]

1. e4 e5 2. Nf3 Nc6 3. Bb5 a6 4. Ba4 Nf6 5. Qe2 d6 6. c3 Be7 7. d3 Bg4 8. Nbd2 0-0 9. Nf1 Nb8 10. h3 Bd7 11. Bxd7 Nbxd7 12. Ng3 d5 13. 0-0 Re8 14. Nf5 Bf8 15. Bg5 h6 16. Bh4 c6 17. Rad1 g6 18. Ne3 Nb6 19. Ng4 g5 20. Nxg5 hxg5 21. Bxg5 Bg7 22. f4 Nbd7 23. fxe5 Rxe5 24. Nxe5 Nxe5 25. d4 Ned7 26. e5 Qe8 27. Rf5 Ne4 28. Qg4 Qe6 29. Rdf1 Nf8 30. Bf6 Ng6 31. Bxg7 Kxg7 32. Rxf7+ Qxf7 33. Rxf7+ Kxf7 34. Qd7+ Kg8 35. e6 1-0

[Event "TUR-chT"]
[Site "Konya"]
[Date "2010.06.30"]
[Round "3"]
[White "Menzi, Nezihe Ezgi"]
[Black "Vatansever, Buse"]
[Result "1/2-1/2"]
[WhiteElo "1851"]
[BlackElo "1547"]
[PlyCount "91"]
[EventDate "2010.06.29"]
[EventType "team-tourn"]
[EventRounds "13"]
[EventCountry "TUR"]
[SourceTitle "CBM 137 Extra"]
[Source "ChessBase"]
[SourceDate "2010.09.01"]
[SourceVersion "1"]
[SourceVersionDate "2010.09.01"]
[SourceQuality "1"]

1. e4 c6 2. d4 d5 3. Nc3 dxe4 4. Nxe4 Bf5 5. Ng3 Bg6 6. h4 h6 7. Nf3 Nd7 8. h5 Bh7 9. Bd3 Bxd3 10. Qxd3 Ngf6 11. Bd2 Qc7 12. 0-0-0 e6 13. Qe2 0-0-0 14. Ne5 Nb6 15. Ba5 Bd6 16. Bxb6 axb6 17. Rhe1 Qe7 18. Kb1 Kc7 19. Ne4 Nxe4 20. Qxe4 Ra8 21. c4 Ra5 22. c5 bxc5 23. Nc4 Ra6 24. Nxd6 Qxd6 25. dxc5 Qxc5 26. Qf4+ Kb6 27. Qxf7 Rf8 28. Qxg7 Rxf2 29. Qd4 Qxd4 30. Rxd4 Ra5 31. g4 Rb5 32. b3 Rd5 33. Ree4 Rc5 34. Rc4 Rd5 35. Rcd4 Rc5 36. Rb4+ Kc7 37. Rxe6 Rd5 38. Rc4 Rd1+ 39. Rc1 Rdd2 40. Rce1 Rb2+ 41. Ka1 Rxa2+ 42. Kb1 Rab2+ 43. Ka1 Ra2+ 44. Kb1 Rfb2+ 45. Kc1 Rg2 46. Kb1 1/2-1/2

[Event "EU School-ch U11 Girls"]
[Site "Thessaloniki"]
[Date "2010.04.11"]
[Round "9"]
[White "Drogovoz, Irina"]
[Black "Vatansever, Buse"]
[Result "1/2-1/2"]
[WhiteElo "1822"]
[BlackElo "1541"]
[PlyCount "102"]
[EventDate "2010.04.05"]
[EventType "swiss"]
[EventRounds "9"]
[EventCountry "GRE"]
[SourceTitle "CBM 136 Extra"]
[Source "ChessBase"]
[SourceDate "2010.07.02"]
[SourceVersion "2"]
[SourceVersionDate "2010.07.15"]
[SourceQuality "1"]

1. Nf3 d5 2. g3 Nf6 3. Bg2 e6 4. 0-0 Be7 5. c4 0-0 6. a4 c5 7. cxd5 exd5 8. d4 b6 9. Nc3 Bb7 10. Qb3 Nc6 11. dxc5 Na5 12. Qa2 bxc5 13. Rd1 d4 14. e3 dxc3 15. Rxd8 Rfxd8 16. bxc3 Rd1+ 17. Bf1 Bxf3 18. Ba3 Rad8 19. h3 R8d2 20. Bb2 Rxa1 21. Qxa1 Rd1 22. Qa2 Be2 23. Ba3 Rxf1+ 24. Kg2 Bc4 25. Qc2 Ra1 26. Bb2 Ra2 27. Qb1 Bd5+ 28. Kg1 Rxa4 29. g4 Nxg4 30. Qd1 Ra2 31. Qxd5 Rxb2 32. hxg4 Rb8 33. Qe5 Rb7 34. Qe4 g6 35. Qa4 Rb1+ 36. Kg2 Nb3 37. Qa2 Rc1 38. Qxb3 Bf6 39. Qb8+ Kg7 40. Qxa7 Rxc3 41. Qa5 Rc2 42. Kg3 h6 43. e4 Rc3+ 44. Kg2 Bd4 45. Qa4 c4 46. Qd1 Rd3 47. Qc2 Rc3 48. Qd1 Rd3 49. Qc2 Rc3 50. Qd2 Rd3 51. Qc2 Rc3 1/2-1/2